| 000 | 01341cam a2200265 i 4500 | ||
|---|---|---|---|
| 001 | 114450 | ||
| 005 | 20230410124142.0 | ||
| 008 | 140211s2010 sp a 000 0 spa | ||
| 020 | _a9788499087016 | ||
| 041 | 0 | _aSpa. | |
| 050 | 1 | 4 |
_aNX 165 _bE19h 2010 |
| 100 | 1 |
_aEco, Umberto, _d1932- |
|
| 245 | 1 | 0 |
_aHistoria de la belleza/ _bA cargo de Umberto Eco, Traducción de Maria Pons Irazazábal _cUmberto Eco. |
| 260 |
_aEspaña (Barcelona): _bdebolsillo, _c2010 |
||
| 300 |
_a438 p.: _bill.; _c22 cm. |
||
| 500 | _aTitulo original: storia della bellezza | ||
| 520 | _aEste libro no es una historia de arte. las ilustraciones, asi como una amplia antología de textos, de pitágoras a nuestros días, sirven para reconstruir las distintas ideas de belleza que se han propuesto o discutido desde los tiempos de la Grecia clásica. el libro ilustra las formas en que se han concebido la bellezade la naturaleza, de las flore, de los animales, del cuaerpo humano, de los astros, de las proporciones matemáticas, de la luz, de las piedras preciosa, de los ropajes, de Dios y del diablo. | ||
| 650 | 4 | _aBelleza femenina (Estética). | |
| 650 | 4 | _aBelleza corporal. | |
| 650 | 4 |
_aEstética _xHistoria y crítica. |
|
| 650 | 4 | _aFilosofía del arte. | |
| 700 | 1 | _aPons Irazazábal, Maria. Traducción de | |
| 942 |
_2lcc _cbk |
||
| 946 | _adpf | ||
| 999 |
_c72032 _d72032 |
||